000 00688cam a2200205 a 4500
001 000001070
003 DO-SdBNP
005 20251029114537.0
008 750728s1939 ve 000 0 spa
040 _aDO-SdBNP
_bspa
_cBNPHU
082 _a987
_bP598n
100 1 _aPicón Febres, Gonzalo,
_d1860-1918.
_93664
245 1 0 _aNacimiento de Venezuela intelectual :
_bhistoria y crítica histórica /
_cGonzalo Picón Febres.
260 _aCaracas :
_bCooperativa de artes gráficas,
_c1939.
300 _at ;
_c24 cm.
500 _aLa biblioteca posee el tomo 1.
650 7 _aEducación
_zVenezuela
_93666
_2LEMB
651 7 _aVenezuela
_xVida intelectual
_926230
_2LEMB
942 _2ddc
_cLBS1
999 _c1034
_d1034